000 00358nam a2200133Ia 4500
008 100328s9999 xx 000 0 und d
082 _b54173
100 _aदांडेकर ज.पां.
245 _aशिवण - कला
260 _bउदयम
630 _aशिवण - कला
730 _aशिवण - कला
942 _cBOOK
999 _c540896
_d540893